| 000 | 01263nam1a22002771i 4500 | ||
|---|---|---|---|
| 001 | v19\rc\1628876 | ||
| 005 | 20260406183257.0 | ||
| 035 | _a(NLR Aleph) 004744724 | ||
| 090 |
_a4509324 _c4509324 |
||
| 100 | _a20061002d18991914|||y0rusy50 ca | ||
| 101 | 0 | _arus | |
| 102 | _aRU | ||
| 105 | _a z ||||| | ||
| 200 | 1 | _aОтчет Общества вспомоществования бывшим воспитанникам Полоцкого кадетского корпуса и Военной гимназии... | |
| 210 |
_aСанкт-Петербург _d1899-1914 |
||
| 215 | _d24 | ||
| 300 | _aЗагл. с изд. 1902 г.: Отчет Петербургского отдела Общества взаимопомощи полочан... | ||
| 517 | 0 | _aОтчет Петербургского отдела Общества взаимопомощи полочан... | |
| 710 | 0 | 2 |
_aОбщество взаимопомощи полочан _bПетербургский отдел _3RU\NLR\AUTH\889948408 _9392412 |
| 801 | 0 |
_aRU _bNLR _gpsbo |
|
| 801 | 0 |
_aRU _bRuMoRGB _2psbo |
|
| 801 | 1 |
_aRU _bProSoft-M _2rusmarc |
|
| 852 |
_aNLR (1898-1913*) _jШифры разные |
||
| 899 |
_aRuMoRGB (1898-1913*) _jS 39/317 |
||
| 899 | _aБАН (1898-1913*) | ||
| 942 | _cBOOK | ||